| 000 | 01012aam a2200325 i 4500 | ||
|---|---|---|---|
| 001 | 768714001 | ||
| 003 | CO-MdFUSB | ||
| 005 | 20250603165411.0 | ||
| 007 | ta | ||
| 008 | 250603t2002 sp oa||| |||| 00| 0 spa d | ||
| 020 | _a84-288-1151-2 | ||
| 040 | _cCO-MdFUSB | ||
| 041 | 0 | _aspa | |
| 082 | 0 | 4 |
_223 _a248.482 _bN9349r |
| 100 | 1 |
_aNouwen, Henri J. M. (1932-1996) _eautor |
|
| 240 | _a The return of the prodigal son | ||
| 245 | 1 | 0 |
_aEl regreso del hijo pródigo : _bmeditaciones ante un cuadro de Rembrandt _c/ Henri J. M. Nouwen ; traducido por Isabel García de Alzuru |
| 250 | _avigésimo séptima edición | ||
| 264 | 1 |
_bPPC, _aMadrid, España : _c[2002] |
|
| 264 | 4 | _c©2002 | |
| 300 | _a157 páginas | ||
| 336 |
_atexto _btxt _2rdacontent |
||
| 337 |
_2rdamedia _asin mediación _bn |
||
| 338 |
_2rdacarrier _avolumen _bnc |
||
| 563 | _aPasta dura | ||
| 650 | 0 |
_aVida espiritual _951 |
|
| 700 |
_aGarcía de Alzuru, Isabel, _911644 _etraductor |
||
| 942 | _cBK | ||
| 945 | _aJTF-925 | ||
| 999 |
_c36012 _d36012 |
||